Bier und Brauereien in Ostpreußen damals und heute
| Titel: | Bier und Brauereien in Ostpreußen damals und heute : 500 Jahre Reinheitsgebot = Piwo i browary w Prusach Wschodnich dawniej i dzisiaj / Texte, Übersetzung: Dr. Wiesław Gogan |
|---|---|
| Verfasser: | |
| Veröffentlicht: | Ellingen / Bay. : Kulturzentrum Ostpreußen, [2017] |
| Umfang: | 63 Seiten : Illustrationen ; 30 cm |
| Format: | Buch |
| Sprache: | Deutsch; Polnisch |
| Hinweise zum Inhalt: |
Inhaltsverzeichnis
|
X
alg: 39923516 001A $06000:02-02-17 001B $03004:07-04-17 $t08:28:18.000 001D $06000:23-02-17 001U $0utf8 001X $00 002@ $0Aax 002C $aText $btxt $2rdacontent 002C $aunbewegtes Bild $bsti $2rdacontent 002D $aohne Hilfsmittel zu benutzen $bn $2rdamedia 002E $aBand $bnc $2rdacarrier 003@ $0399235167 004A $fBroschur 006G $01123652090 006H $0TOCNEUA1705 $2DNB 006U $017,B08 $f20170118 007A $01123652090 $aDNB 009P $qapplication/pdf $A2 $3Inhaltsverzeichnis $uhttp://d-nb.info/1123652090/04 $mB:DE-101 010@ $ager $apol $cund 010E $erda 011@ $a2017 $n[2017] 013D $RKatalog $#Exhibition catalogs $#Expositions $#Cataloghi di esposizioni $74135467-9 $8Ausstellungskatalog [Ts1] $xKulturzentrum Ostpreußen $9085499846 $y02.07.2016-13.11.2016 $zEllingen 017A $asf 021A $aBier und Brauereien in Ostpreußen damals und heute $d500 Jahre Reinheitsgebot $fPiwo i browary w Prusach Wschodnich dawniej i dzisiaj $hTexte, Übersetzung: Dr. Wiesław Gogan 028A $BVerfasser $#Gogan, Wiesław Roman $4aut $71108783708 $8Gogan, Wiesław [Tp3] $938516825X 033A $pEllingen / Bay. $nKulturzentrum Ostpreußen 034D $a63 Seiten 034I $a30 cm 034M $aIllustrationen 044K $#Ostpreußen $#Ostpreußen $#Provinz Ostpreußen $74075754-7 $8Ostpreußen [Tg1] $9085214493 044K $RAlkoholisches Getränk $RBrauerei $#Beer $#Cooking (Beer) $#Bière $#Cuisine (bière) $#Birra $#Cerveza $#beers $#Bier $#Gerstensaft $74006537-6 $8Bier [Ts1] $908500961X 045E $c640 $c943 045F $a641.230943832 $eDDC22ger 045F/01 $a641.23 045F/03 $g43832 045R $aGeschichte Anfänge - lok: 39923516 24 exp: 39923516 24 1 #EPN 201B/01 $007-04-17 $t08:28:45.000 201C/01 $020-03-17 201U/01 $0utf8 203@/01 $0803189311 208@/01 $a07-04-17 $bz 209A/01 $aS 31891 $du $f050 $hS 31891 $x00 209C/01 $a17.00929 T $h17 00929 T 209G/01 $a73735947 $x00 220C/01 $ahae 247C/01 $8358050-7Marburg, Bibliothek des Herder-Instituts Marburg $9102600961
| LEADER | 00000cam a22000002c 4500 | ||
|---|---|---|---|
| 001 | 399235167 | ||
| 003 | DE-603 | ||
| 005 | 20170407082818.0 | ||
| 007 | tu | ||
| 008 | 170202s2017 xx |||| | u00||u|ger | ||
| 015 | |a 17,B08 |2 dnb | ||
| 016 | 7 | |2 DE-101 |a 1123652090 | |
| 035 | |a (DE-599)DNB1123652090 | ||
| 040 | |a DE-603 |b ger |c DE-603 |d DE-603 |e rda | ||
| 041 | |a ger |a pol |h und | ||
| 082 | 0 | 4 | |8 1\u |a 641.230943832 |q DE-101 |2 22/ger |
| 084 | |a 640 |a 943 |q DE-101 |2 sdnb | ||
| 085 | |8 1\u |b 641.23 | ||
| 085 | |8 1\u |z 2 |s 43832 | ||
| 090 | |a b | ||
| 100 | 1 | |a Gogan, Wiesław |e Verfasser |4 aut |0 (DE-603)38516825X |0 (DE-588)1108783708 |2 gnd | |
| 245 | 0 | 0 | |a Bier und Brauereien in Ostpreußen damals und heute |b 500 Jahre Reinheitsgebot = Piwo i browary w Prusach Wschodnich dawniej i dzisiaj |c Texte, Übersetzung: Dr. Wiesław Gogan |
| 264 | 1 | |a Ellingen / Bay. |b Kulturzentrum Ostpreußen |c [2017] | |
| 300 | |a 63 Seiten |b Illustrationen |c 30 cm | ||
| 336 | |a Text |b txt |2 rdacontent | ||
| 336 | |a unbewegtes Bild |b sti |2 rdacontent | ||
| 337 | |a ohne Hilfsmittel zu benutzen |b n |2 rdamedia | ||
| 338 | |a Band |b nc |2 rdacarrier | ||
| 648 | 7 | |a Geschichte Anfänge - |2 gnd | |
| 650 | 7 | |a Bier |0 (DE-588)4006537-6 |0 (DE-603)08500961X |2 gnd | |
| 651 | 7 | |a Ostpreußen |0 (DE-588)4075754-7 |0 (DE-603)085214493 |2 gnd | |
| 655 | 7 | |a Ausstellungskatalog |x Kulturzentrum Ostpreußen |y 02.07.2016-13.11.2016 |z Ellingen |2 gnd-content |0 (DE-588)4135467-9 |0 (DE-603)085499846 | |
| 856 | 4 | 2 | |m B:DE-101 |q application/pdf |u http://d-nb.info/1123652090/04 |3 Inhaltsverzeichnis |
| 924 | 0 | |9 Mb 50 |a (DE-603)803189311 |b DE-Mb50 |c HES |d c |g S 31891 | |


